[Event "BCF-chT3 0203 (4NCL)"]
[Site "West Bromwich"]
[Date "2003.04.12"]
[Round "7.8"]
[White "Houska, Karla"]
[Black "Roberts, Elizabeth"]
[Result "0-1"]
[WhiteElo "1112"]
[BlackElo "1472"]
[PlyCount "56"]
[EventDate "2002.11.??"]
[EventType "team"]
[EventRounds "11"]
[EventCountry "ENG"]
[SourceTitle "EXT 2004"]
[Source "ChessBase"]
[SourceDate "2003.11.25"]
[SourceVersion "1"]
[SourceVersionDate "2003.11.25"]
[SourceQuality "1"]
[WhiteTeam "Slough II"]
[BlackTeam "Numerica 3CS II"]
[WhiteTeamCountry "ENG"]
[BlackTeamCountry "ENG"]

1. e4 e5 2. Nf3 Nc6 3. d4 exd4 4. c3 d5 5. exd5 Qxd5 6. cxd4 Bb4+ 7. Nc3 Bg4 8. Be2 Bxf3 9. Bxf3 Qd7 10. 0-0 Nge7 11. Be3 0-0 12. Qa4 Bd6 13. Qd1 Nf5 14. Bg4 Nxe3 15. fxe3 Qe7 16. Rf3 Qg5 17. Ne4 Qxg4 18. Nf6+ gxf6 19. Rg3 Qxg3 20. hxg3 Kh8 21. Qf3 Rg8 22. Qxf6+ Rg7 23. g4 Rag8 24. Rf1 Be7 25. Qf4 Rxg4 26. Qxc7 Rxg2+ 27. Kh1 R2g6 28. Rf2 Bd6 0-1

[Event "BCF-chT2 0102 (4NCL)"]
[Site "Birmingham"]
[Date "2002.01.20"]
[Round "6.8"]
[White "Roberts, Elizabeth"]
[Black "MacNab, Louise C"]
[Result "1-0"]
[WhiteElo "1456"]
[BlackElo "1665"]
[PlyCount "67"]
[EventDate "2001.09.22"]
[EventType "team"]
[EventRounds "11"]
[EventCountry "ENG"]
[SourceTitle "EXT 2003"]
[Source "ChessBase"]
[SourceDate "2002.11.25"]
[SourceVersion "1"]
[SourceVersionDate "2002.11.25"]
[SourceQuality "1"]
[WhiteTeam "Numerica 3CS"]
[BlackTeam "Barbican III"]
[WhiteTeamCountry "ENG"]
[BlackTeamCountry "ENG"]

1. e4 c6 2. d4 d5 3. exd5 cxd5 4. Bd3 Nc6 5. c3 Nf6 6. Bg5 Bg4 7. Qb3 b6 8. Nd2 e6 9. Ngf3 Bxf3 10. Nxf3 a6 11. Ne5 Nb8 12. 0-0 Be7 13. Rae1 0-0 14. Qc2 h6 15. Bh4 Nfd7 16. Bxe7 Qxe7 17. f4 Nxe5 18. fxe5 Nc6 19. Re3 b5 20. Rg3 f6 21. exf6 Rxf6 22. Rxf6 Qxf6 23. Rg6 Qf7 24. Qe2 Re8 25. Rg3 Rf8 26. Re3 Re8 27. Qg4 Qd7 28. Rh3 Kf8 29. Rf3+ Ke7 30. Qxg7+ Kd8 31. Rf7 Re7 32. Qf8+ Kc7 33. Rxe7 Qxe7 34. Qxh6 1-0

[Event "BCF-chT2 0102 (4NCL)"]
[Site "Birmingham"]
[Date "2002.01.19"]
[Round "5.8"]
[White "Connolly, Suzanne"]
[Black "Roberts, Elizabeth"]
[Result "1/2-1/2"]
[WhiteElo "2086"]
[BlackElo "1456"]
[PlyCount "58"]
[EventDate "2001.09.22"]
[EventType "team"]
[EventRounds "11"]
[EventCountry "ENG"]
[SourceTitle "EXT 2003"]
[Source "ChessBase"]
[SourceDate "2002.11.25"]
[SourceVersion "1"]
[SourceVersionDate "2002.11.25"]
[SourceQuality "1"]
[WhiteTeam "Poisoned Pawns"]
[BlackTeam "Numerica 3CS"]
[WhiteTeamCountry "ENG"]
[BlackTeamCountry "ENG"]

1. e4 e5 2. Nf3 Nc6 3. Bb5 a6 4. Ba4 Nf6 5. d3 Bc5 6. c3 b5 7. Bc2 Qe7 8. b4 Bb6 9. a4 Bb7 10. 0-0 0-0 11. Qe2 d5 12. exd5 Nxd5 13. Bb3 Rad8 14. axb5 axb5 15. Bxd5 Rxd5 16. c4 Nd4 17. Nxd4 Bxd4 18. Ra3 bxc4 19. dxc4 Rd6 20. c5 Rg6 21. Rg3 Rxg3 22. hxg3 Qe6 23. Be3 Qc6 24. Qf3 Qxf3 25. gxf3 Bxf3 26. Nd2 Be2 27. Re1 Bxe3 28. Rxe2 Bxd2 29. Rxd2 Rb8 1/2-1/2

[Event "BCF-chT2 0001 (4NCL)"]
[Site "Birmingham"]
[Date "2000.11.25"]
[Round "3.8"]
[White "Roberts, Elizabeth"]
[Black "Howard, Emily"]
[Result "0-1"]
[WhiteElo "1373"]
[BlackElo "2031"]
[PlyCount "74"]
[EventDate "2000.11.26"]
[EventType "team"]
[EventRounds "11"]
[EventCountry "ENG"]
[SourceTitle "CBM 079 Extra"]
[Source "ChessBase"]
[SourceDate "2001.01.11"]
[SourceVersion "2"]
[SourceVersionDate "2001.01.25"]
[SourceQuality "1"]
[WhiteTeam "3CS Oldham"]
[BlackTeam "Wessex"]
[WhiteTeamCountry "ENG"]
[BlackTeamCountry "ENG"]

1. e4 c6 2. d4 d5 3. exd5 cxd5 4. Bd3 Nc6 5. c3 Qc7 6. Qb3 e6 7. Nf3 Nf6 8. 0-0 Bd6 9. Bg5 Ne4 10. Bh4 f5 11. Qd1 h6 12. Ne5 Nxe5 13. dxe5 Bxe5 14. Qh5+ Qf7 15. Bb5+ Kf8 16. Qe2 Qc7 17. Qh5 Bd7 18. Bxd7 Qxd7 19. f4 Bd6 20. Na3 Bxa3 21. bxa3 Nxc3 22. Be1 Rc8 23. Rf3 Ne4 24. Bb4+ Kg8 25. Re1 Kh7 26. Kh1 Rc2 27. Ra1 Rhc8 28. Rff1 Rb2 29. Qf3 Rcc2 30. Rfe1 Rf2 31. Qh3 Rxf4 32. Qe3 Rff2 33. Qh3 Qf7 34. Bc3 Nxc3 35. Qxc3 Rxg2 36. Qh3 Rgc2 37. Rf1 Qc7 0-1

[Event "BCF-chT2 9900 (4NCL)"]
[Site "Birmingham"]
[Date "1999.10.09"]
[Round "1.8"]
[White "Roberts, Elizabeth"]
[Black "Blackburn, Suzie G"]
[Result "1-0"]
[WhiteElo "1208"]
[BlackElo "1492"]
[PlyCount "45"]
[EventDate "1999.10.??"]
[EventType "team"]
[EventRounds "11"]
[EventCountry "ENG"]
[SourceTitle "EXT 2001"]
[Source "ChessBase"]
[SourceDate "2000.11.22"]
[SourceVersion "1"]
[SourceVersionDate "2000.11.22"]
[SourceQuality "1"]
[WhiteTeam "Numerica 3CS"]
[BlackTeam "Gwent Dragons"]
[WhiteTeamCountry "ENG"]
[BlackTeamCountry "ENG"]

1. e4 e5 2. Nc3 Nc6 3. Nf3 Bc5 4. Nxe5 Nxe5 5. d4 Bxd4 6. Qxd4 Qf6 7. Be3 Nc6 8. Qd2 Qg6 9. Nd5 Kd8 10. Nc3 Nf6 11. Bg5 h6 12. Bh4 Re8 13. 0-0-0 d6 14. f3 Bd7 15. Nd5 Be6 16. Nxc7 Kxc7 17. Qxd6+ Kc8 18. Bb5 Rd8 19. Qc5 Nd7 20. Qc3 f6 21. Bxc6 bxc6 22. Qxc6+ Kb8 23. Bg3+ 1-0